Forests in landscapes : ecosystem approaches to sustainability

Bibliographic Details
Main Author: Sayer, Jeffrey
Other Authors: Laurie, Michelle, Maginnis, Stewart
Format: Book
Published: London Sterling, VA : Earthscan , 2005.
Subjects:

MARC

LEADER 00000cam a2200000 7i4500
001 0000003684
005 20080131.0
020 0 0 |a 1844071952 
090 0 0 |a 333.75   |b SAY 
100 1 0 |a Sayer, Jeffrey. 
245 1 0 |a Forests in landscapes :   |b ecosystem approaches to sustainability   |c Jeffrey Sayer and Stewart Maginnis ; assisted by Michelle Laurie. 
260 0 0 |a London   |a Sterling, VA :   |b Earthscan ,   |c 2005. 
300 |a xv, 257 p. :   |b ill. ;   |c 25 cm. 
500 0 0 |a Includes bibliographical references 
650 0 0 |a Ecosystem management. 
650 0 0 |a Forest ecology. 
650 0 0 |a Forest management. 
650 0 0 |a Sustainable forestry. 
700 1 1 |a Laurie, Michelle. 
700 1 1 |a Maginnis, Stewart. 
999 |a 0000007120   |b Monograph   |c Open Shelf   |e Default branch